[Event "Copenhagen Chess Challenge 2018"]
[Site "Ballerup"]
[Date "2018.04.28"]
[Round "6"]
[White "Sonis, Francesco"]
[Black "Haubro, Martin"]
[Result "1-0"]
[WhiteElo "2448"]
[BlackElo "2358"]
[EventDate "2018.04.25"]
[EventRounds "9"]
[EventCountry "Danmark"]
[WhiteFideId "895733"]
[BlackFideId "1414291"]

1. Nf3 f5 2. d4 Nf6 3. g3 g6 4. Bg2 Bg7 5. O-O O-O 6. b3 d6 7. Bb2 c6 8. Nbd2 Nbd7 9. e4 Nxe4 10. Nxe4 fxe4 11. Ng5 Nf6 12. Nxe4 Nxe4 13. Bxe4 Bh3 14. Re1 Qd7 15. Bg2 Bxg2 16. Kxg2 Rf5 17. Re2 Raf8 18. Qd3 Rh5 19. f3 Qh3+ 20. Kg1 Rhf5 21. Rf2 h5 22. Raf1 g5 23. Qe4 R8f7 24. Qe6 Kh8 25. c3 h4 26. Bc1 g4 27. Bf4 b6 28. fxg4 R5f6 29. Qe2 Rg6 30. g5 hxg3 31. hxg3 Kg8 32. Qe4 Qf5 33. Qxc6 Qd3 34. Rf3 Qe2 35. Re3 Qc2 36. Qa8+ Bf8 37. Qg2 Qf5 38. Ref3 Qg4 39. Bd2 Rxf3 40. Rxf3 e5 41. Qe2 Qe6 42. Qe4 Rg7 43. Rf6 Qe7 44. Qd5+ Rf7 45. Re6 Qd7 46. g6  1-0

[Event "Copenhagen Chess Challenge 2018"]
[Site "Ballerup"]
[Date "2018.04.28"]
[Round "6"]
[White "Strange, Mikkel"]
[Black "Percivaldi, Martin"]
[Result "1/2-1/2"]
[WhiteElo "2363"]
[BlackElo "2398"]
[EventDate "2018.04.25"]
[EventRounds "9"]
[EventCountry "Danmark"]
[WhiteFideId "1402765"]
[BlackFideId "1508148"]

1. e4 e6 2. d4 d5 3. e5 c5 4. c3 Qb6 5. Nf3 Nc6 6. Be2 cxd4 7. cxd4 Nh6 8. Nc3 Nf5 9. Na4 Qa5+ 10. Bd2 Bb4 11. Bc3 Bxc3+ 12. Nxc3 Qb6 13. Nb5 a6 14. g4 axb5 15. gxf5 exf5 16. Rg1 O-O 17. Qc1 Nd8 18. Bd3 Re8 19. Qg5 g6 20. Kf1 Ne6 21. Qh6 Nf8 22. h4 b4 23. h5 Bd7 24. Rg5 Bb5 25. Bxb5 Qxb5+ 26. Kg2 Qe2 27. Nh4 Qe4+ 28. Nf3 Qe2 29. Nh4 Qe4+ 30. Nf3 Ne6 31. Re1 Nxg5 32. Rxe4 Nxe4 33. Ng5 Nxg5 34. Qxg5 Rxa2 35. Qd2 gxh5 36. Qg5+ Kf8 37. Qh6+ Kg8 38. Qg5+  1/2-1/2

[Event "Copenhagen Chess Challenge 2018"]
[Site "Ballerup"]
[Date "2018.04.28"]
[Round "6"]
[White "Bjerre, Jonas Buhl"]
[Black "Pajeken, Wolfgang"]
[Result "1-0"]
[WhiteElo "2378"]
[BlackElo "2243"]
[EventDate "2018.04.25"]
[EventRounds "9"]
[EventCountry "Danmark"]
[WhiteFideId "1444948"]
[BlackFideId "4622170"]

1. e4 e5 2. Nf3 Nc6 3. Bc4 Bc5 4. c3 Nf6 5. d3 O-O 6. Bg5 h6 7. Bh4 Be7 8. Nbd2 d6 9. a4 Nh5 10. Bg3 Nxg3 11. hxg3 Bf6 12. Nf1 Ne7 13. Ne3 c6 14. Qe2 d5 15. Ba2 Be6 16. g4 Ng6 17. g3 dxe4 18. dxe4 Bxa2 19. Rxa2 Qd7 20. Ra1 Rfd8 21. Rd1 Qe6 22. Qc4 Rxd1+ 23. Kxd1 Rd8+ 24. Kc2 Qe8 25. Rd1 Rxd1 26. Kxd1 Bd8 27. Ke2 Bb6 28. Nf5 Qd7 29. Qb4 Bd8 30. Qd6 Qc7 31. Nd2 b5 32. axb5 cxb5 33. Qd5 a6 34. Nd6 Qd7 35. Nb7 Qxd5 36. exd5 Bb6 37. b3 Kf8 38. c4 bxc4 39. bxc4 Ke7 40. c5 Bxc5 41. Nxc5 Kd6 42. Nxa6 Kxd5 43. Nc7+ Kd4 44. Ne8 e4 45. Nxg7  1-0

[Event "Copenhagen Chess Challenge 2018"]
[Site "Ballerup"]
[Date "2018.04.28"]
[Round "6"]
[White "Urkedal, Frode Olav Olsen"]
[Black "Hoi, Carsten"]
[Result "1-0"]
[WhiteElo "2560"]
[BlackElo "2374"]
[EventDate "2018.04.25"]
[EventRounds "9"]
[EventCountry "Danmark"]
[WhiteFideId "1506102"]
[BlackFideId "1400100"]

1. d4 Nf6 2. c4 g6 3. Nc3 Bg7 4. e4 d6 5. Nf3 O-O 6. h3 e5 7. d5 Nbd7 8. Be3 Nc5 9. Nd2 a5 10. g4 Bd7 11. Be2 Ne8 12. h4 f5 13. gxf5 gxf5 14. h5 Kh8 15. Qc2 a4 16. a3 c6 17. O-O-O cxd5 18. Nxd5 Rc8 19. h6 Bf6 20. exf5 Bg5 21. f4 Bxf5 22. Qc3 Nf6 23. Nxf6 Bxf6 24. fxe5 Bxe5 25. Bd4 Qf6 26. Bxe5 Qxe5 27. Qxe5+ dxe5 28. Rdf1 e4 29. Rh5 e3 30. Rfxf5 exd2+ 31. Kxd2 Ne4+ 32. Kc2 Rfe8 33. Rf3 Nd6 34. Rh2 b5 35. Rf6 Ne4 36. Rf7 bxc4 37. Bg4 Rcd8 38. Bf5  1-0

[Event "Copenhagen Chess Challenge 2018"]
[Site "Ballerup"]
[Date "2018.04.28"]
[Round "6"]
[White "Danielsen, Henrik"]
[Black "Kristensen, Kaare Hove"]
[Result "1-0"]
[WhiteElo "2500"]
[BlackElo "2313"]
[EventDate "2018.04.25"]
[EventRounds "9"]
[EventCountry "Danmark"]
[WhiteFideId "1400185"]
[BlackFideId "1400940"]

1. e4 c5 2. c3 d5 3. d3 Nc6 4. Nd2 Nf6 5. Ngf3 e5 6. g3 g6 7. Bg2 Bg7 8. O-O O-O 9. Qa4 dxe4 10. dxe4 a6 11. Rd1 b5 12. Qc2 Qc7 13. Nf1 Bb7 14. b3 Nd8 15. Ng5 h6 16. Nh3 Nc6 17. Be3 Ne7 18. f3 Rfd8 19. Nf2 c4 20. b4 a5 21. a3 Kh7 22. Bh3 Nc6 23. Rxd8 Rxd8 24. Rd1 Bf8 25. Qc1 Rxd1 26. Nxd1 Bc8 27. Bxc8 Qxc8 28. Bb6 Qa6 29. Bf2 axb4 30. axb4 Qa2 31. Qd2 Qb1 32. Nfe3 Kg7 33. Kg2 Be7 34. Nc2 Qa2 35. Qc1 Qa4 36. Nde3 Bd8 37. Qa3 Qxa3 38. Nxa3 Bb6 39. Nxb5 Bxe3 40. Bxe3 Ne8 41. Bc5  1-0

[Event "Copenhagen Chess Challenge 2018"]
[Site "Ballerup"]
[Date "2018.04.28"]
[Round "6"]
[White "Jacobsen, Mikkel Manosri"]
[Black "Genov, Petar"]
[Result "0-1"]
[WhiteElo "2172"]
[BlackElo "2435"]
[EventDate "2018.04.25"]
[EventRounds "9"]
[EventCountry "Danmark"]
[WhiteFideId "1444514"]
[BlackFideId "2900211"]

1. d4 Nf6 2. c4 e6 3. Nf3 Bb4+ 4. Nbd2 b6 5. a3 Bxd2+ 6. Qxd2 Bb7 7. e3 d6 8. b4 Nbd7 9. Bb2 Qe7 10. Be2 O-O 11. O-O Ne4 12. Qc2 f5 13. Ne1 Rae8 14. Rd1 Rf6 15. f3 Ng5 16. c5 Nf8 17. c6 Bc8 18. Rf2 Rh6 19. e4 fxe4 20. fxe4 e5 21. dxe5 dxe5 22. Nd3 Ng6 23. Rdf1 Rh4 24. Qc4+ Be6 25. Qb5 Nxe4 26. Nxe5 Nxf2 27. Rxf2 Nxe5 28. Qxe5 Bc4 29. Qc3 b5 30. g3 Re4 31. Bf3 Re3 32. Qd4 h6 33. Qxa7 Rxf3 34. Rxf3 Qe1+ 35. Kg2 Qe2+ 36. Rf2 Bd5+ 37. Kg1 Qe4  0-1

[Event "Copenhagen Chess Challenge 2018"]
[Site "Ballerup"]
[Date "2018.04.28"]
[Round "6"]
[White "Boe, Mads"]
[Black "Fries Nielsen, Jens Ove"]
[Result "1/2-1/2"]
[WhiteElo "2301"]
[BlackElo "2358"]
[EventDate "2018.04.25"]
[EventRounds "9"]
[EventCountry "Danmark"]
[WhiteFideId "1401408"]
[BlackFideId "1400142"]

1. e4 g6 2. d4 Bg7 3. Nc3 a5 4. Be3 c6 5. a4 d5 6. exd5 cxd5 7. Nf3 Nc6 8. Nb5 Nf6 9. c3 O-O 10. Bd3 Ng4 11. Bf4 f6 12. Bg3 e5 13. dxe5 fxe5 14. Be2 Nh6 15. Qd2 Nf5 16. O-O h6 17. Rad1 Be6 18. Rfe1 Nxg3 19. hxg3 g5 20. c4 Nb4 21. cxd5 Bxd5 22. Nc3 Bb3 23. Qxd8 Raxd8 24. Rxd8 Rxd8 25. Bb5 Nd3 26. Re2 e4 27. Nd2 Nxb2 28. Nxb3 Bxc3 29. Nxa5 Bxa5 30. Rxb2 Rd1+ 31. Kh2 Rd2 32. Rxd2 Bxd2 33. Bc4+ Kg7 34. Bd5 b6 35. Bxe4 Be1 36. Kg1 Bb4 37. Kf1  1/2-1/2

[Event "Copenhagen Chess Challenge 2018"]
[Site "Ballerup"]
[Date "2018.04.28"]
[Round "6"]
[White "Berg, Klaus"]
[Black "Jorgensen, Dennis"]
[Result "1-0"]
[WhiteElo "2335"]
[BlackElo "2164"]
[EventDate "2018.04.25"]
[EventRounds "9"]
[EventCountry "Danmark"]
[WhiteFideId "1400053"]
[BlackFideId "1408380"]

1. d4 Nf6 2. Nf3 e6 3. e3 b6 4. Bd3 Bb7 5. O-O Be7 6. c4 O-O 7. Nc3 c5 8. d5 exd5 9. cxd5 Nxd5 10. Nxd5 Bxd5 11. Bxh7+ Kxh7 12. Qxd5 Nc6 13. Bd2 Kg8 14. Bc3 Qc7 15. Rad1 Rad8 16. Qh5 Rfe8 17. Rd5 f6 18. Qg6 Bf8 19. Bxf6 Ne7 20. Bxe7 Bxe7 21. Rfd1 Rf8 22. Rh5 Bf6 23. Rdd5 Qc6 24. Qh7+ Kf7 25. Ne5+ Bxe5 26. Rdxe5  1-0

[Event "Copenhagen Chess Challenge 2018"]
[Site "Ballerup"]
[Date "2018.04.28"]
[Round "6"]
[White "Moe, Mogens"]
[Black "Matthiesen, Martin"]
[Result "1-0"]
[WhiteElo "2233"]
[BlackElo "2330"]
[EventDate "2018.04.25"]
[EventRounds "9"]
[EventCountry "Danmark"]
[WhiteFideId "1400550"]
[BlackFideId "1404067"]

1. e4 e5 2. Nf3 Nc6 3. Bc4 Bc5 4. c3 Nf6 5. d4 exd4 6. e5 d5 7. Bb5 Ne4 8. cxd4 Bb6 9. Nc3 O-O 10. Be3 Bg4 11. h3 Bh5 12. Qa4 Ne7 13. Bd3 Bg6 14. Qc2 Nxc3 15. bxc3 Qd7 16. Nh4 Bxd3 17. Qxd3 f6 18. exf6 Rxf6 19. O-O h6 20. g4 Raf8 21. f4 Nc8 22. f5 Nd6 23. g5 hxg5 24. Bxg5 Rxf5 25. Nxf5 Nxf5 26. Rae1 g6 27. Re5 c6 28. Rfe1 Bc7 29. Re6 Qh7 30. R1e2 Bg3 31. Rg2 Qxh3 32. Rxg6+ Kf7 33. Rf6+ Kg7 34. Qxf5 Qxf5 35. Rxf5 Rxf5 36. Rxg3 Kf7 37. Kg2 Ke6 38. Re3+ Kd6 39. Be7+ Kc7 40. Bc5 Rg5+ 41. Kf3 Rf5+ 42. Ke2 Rh5 43. Kd3 Rh2 44. Re2 Rh3+ 45. Kc2 b6 46. Re7+ Kb8 47. Bd6+ Ka8 48. Rc7 Rh6 49. Rxc6  1-0

[Event "Copenhagen Chess Challenge 2018"]
[Site "Ballerup"]
[Date "2018.04.28"]
[Round "6"]
[White "Eriksson, Christian Altenburg"]
[Black "Rostgaard, Tobias Valentin"]
[Result "1/2-1/2"]
[WhiteElo "2136"]
[BlackElo "2311"]
[EventDate "2018.04.25"]
[EventRounds "9"]
[EventCountry "Danmark"]
[WhiteFideId "1412159"]
[BlackFideId "1408801"]

1. e4 e5 2. Nf3 Nc6 3. d4 exd4 4. Nxd4 Nf6 5. Nc3 Bb4 6. Nxc6 bxc6 7. Bd3 d5 8. exd5 cxd5 9. O-O O-O 10. h3 c6 11. Qf3 Bd6 12. Bf4 Rb8 13. b3 Rb4 14. Bxd6 Qxd6 15. Ne2 a5 16. c3 Rh4 17. Qg3 Qxg3 18. fxg3 Rh6 19. Nd4 Ne4 20. Bxe4 dxe4 21. Nf5 Re6 22. Rae1 c5 23. g4 a4 24. Re3 axb3 25. axb3 Rd8 26. Rfe1 Bb7 27. Ng3 h6 28. Kf2 Rf6+ 29. Kg1 Re6 30. Kf2 Rf6+ 31. Kg1 Rd2 32. R3e2 e3 33. Rxd2 exd2 34. Re8+ Kh7 35. Rd8 Rb6 36. b4 cxb4 37. cxb4 d1=Q+ 38. Rxd1 Rxb4 39. Rd2 g6 40. Kf2 Rb1 41. Nf1 Kg7 42. Ne3 Kf6 43. Kg3 Rb3 44. Kf2 Bxg2 45. Nxg2 Rxh3 46. Rd5 Ra3 47. Ne3 Ke6 48. Rb5 f5 49. Rb6+ Kf7 50. gxf5 gxf5 51. Nxf5 h5 52. Rh6 Ra5 53. Nh4 Kg7 54. Rb6 Ra3 55. Nf3 Ra4 56. Kg3 Rg4+ 57. Kh3 Kh7 58. Nh4 Rg5 59. Ng2 Rg4 60. Ne3 Rf4 61. Nd5 Ra4 62. Nb4 Kg7 63. Kh4 Ra5 64. Rd6 Ra4 65. Rb6 Ra5 66. Nc6 Rc5 67. Nd8 Rc1 68. Kxh5 Rg1 69. Ne6+ Kf6 70. Nf4+ Kf5 71. Nh3 Rg8 72. Rb5+ Ke4 73. Ng5+ Kd4 74. Kg4 Kc4 75. Rf5 Kd4 76. Kf4 Re8 77. Rf7 Kd5 78. Rd7+ Kc6 79. Rd1 Kb5 80. Rc1 Ka4 81. Rb1 Rh8 82. Ne4 Rh7 83. Ke3 Rh6 84. Kd3 Rh4 85. Nc3+ Ka5 86. Nd5 Ka4 87. Nc7 Rg4 88. Ne6 Rb4 89. Rxb4+ Kxb4  1/2-1/2

[Event "Copenhagen Chess Challenge 2018"]
[Site "Ballerup"]
[Date "2018.04.28"]
[Round "6"]
[White "Boe Olsen, Filip"]
[Black "Andersen, Lars Ren"]
[Result "1-0"]
[WhiteElo "2309"]
[BlackElo "2116"]
[EventDate "2018.04.25"]
[EventRounds "9"]
[EventCountry "Danmark"]
[WhiteFideId "1440640"]
[BlackFideId "1404792"]

1. d4 Nf6 2. c4 g6 3. Nc3 Bg7 4. e4 d6 5. Be2 O-O 6. Be3 c5 7. d5 e6 8. Nf3 exd5 9. cxd5 Re8 10. Nd2 Na6 11. O-O Nc7 12. a4 a6 13. Bf4 Bf8 14. Re1 Rb8 15. a5 h6 16. Bg3 Bd7 17. Qb3 Kh7 18. h3 Kg8 19. f4 Bb5 20. Nxb5 Nxb5 21. Bxb5 axb5 22. Qxb5 Nh5 23. Qd3 b5 24. axb6 Nxg3 25. Qxg3 Rxb6 26. Nc4 Rb4 27. Qd3 Qb8 28. e5 Rb3 29. Qc2 Qb4 30. Re4 f5 31. exf6 Rxb2 32. Qd3 Rb3 33. Rxe8 Rxd3 34. Ra7 Qb1+ 35. Kh2 Rxh3+ 36. gxh3 Qc2+ 37. Kg3 Qc3+ 38. Ne3 Qe1+ 39. Kf3 Qh1+ 40. Ke2 Qh2+ 41. Kd3 c4+ 42. Kc3  1-0

[Event "Copenhagen Chess Challenge 2018"]
[Site "Ballerup"]
[Date "2018.04.28"]
[Round "6"]
[White "Dalsberg, Sandra de Blecourt"]
[Black "Mikalsen, Erlend"]
[Result "0-1"]
[WhiteElo "2075"]
[BlackElo "2307"]
[EventDate "2018.04.25"]
[EventRounds "9"]
[EventCountry "Danmark"]
[WhiteFideId "1004948"]
[BlackFideId "1507338"]

1. d4 Nf6 2. c4 e6 3. Nc3 Bb4 4. e3 O-O 5. Nge2 d5 6. cxd5 exd5 7. g3 c6 8. Bg2 Na6 9. O-O Nc7 10. f3 c5 11. dxc5 Bxc5 12. Na4 Bd6 13. Qc2 Qe7 14. Nd4 g6 15. Bd2 h5 16. Rae1 Bd7 17. Nc3 Rac8 18. Qd3 Na6 19. Nb3 Nb4 20. Qb1 h4 21. g4 h3 22. Bxh3 Kg7 23. Bg2 Rh8 24. h3 Rxh3 25. Bxh3 Rh8 26. Kg2 Rxh3 27. Rh1 Rg3+ 28. Kf2 Nxg4+ 29. Ke2 Rg2+ 30. Kd1 Nf2+ 31. Kc1 Bf5 32. e4 dxe4 33. Nxe4 Nbd3+ 34. Kc2 Qc7+ 35. Bc3+ Be5 36. Nbd2 Nxe1+ 37. Qxe1 Bxc3 38. bxc3 Nxh1 39. Qxh1 Qh2  0-1

[Event "Copenhagen Chess Challenge 2018"]
[Site "Ballerup"]
[Date "2018.04.28"]
[Round "6"]
[White "Brynell, Stellan"]
[Black "Thorsbro, Peter"]
[Result "1-0"]
[WhiteElo "2420"]
[BlackElo "2144"]
[EventDate "2018.04.25"]
[EventRounds "9"]
[EventCountry "Danmark"]
[WhiteFideId "1700219"]
[BlackFideId "1406671"]

1. c4 c6 2. Nf3 d5 3. g3 Nf6 4. Bg2 e6 5. O-O Nbd7 6. b3 Be7 7. Bb2 O-O 8. e3 b5 9. d3 a5 10. Nbd2 Ba6 11. Qc2 Rc8 12. Rfd1 Qb6 13. Rac1 Bc5 14. Re1 Rfd8 15. Rcd1 Bb7 16. Qb1 b4 17. d4 Be7 18. e4 Ra8 19. e5 Ne8 20. c5 Nxc5 21. dxc5 Bxc5 22. Kh1 h6 23. Rc1 Bxf2 24. Re2 Bc5 25. Bf1 Bf8 26. g4 g6 27. Rg2 Ba6 28. Bxa6 Rxa6 29. Rf1 Ra7 30. Rgf2 Bc5 31. Rg2 Be7 32. Rg3 c5 33. Rh3 Bf8 34. Nh4 Kg7 35. Rhf3 g5 36. Rxf7+ Rxf7 37. Qg6+ Kh8 38. Qxf7 Bg7 39. Ng6+ Kh7 40. Ne7 Nc7 41. Rf6  1-0

[Event "Copenhagen Chess Challenge 2018"]
[Site "Ballerup"]
[Date "2018.04.28"]
[Round "6"]
[White "Haugli, Petter"]
[Black "Pakmor, Claus"]
[Result "1-0"]
[WhiteElo "2250"]
[BlackElo "2010"]
[EventDate "2018.04.25"]
[EventRounds "9"]
[EventCountry "Danmark"]
[WhiteFideId "1500104"]
[BlackFideId "1431609"]

1. c4 e6 2. Nf3 d5 3. d4 Nf6 4. Nc3 Be7 5. Bf4 b6 6. cxd5 Nxd5 7. Nxd5 exd5 8. e3 O-O 9. Bd3 Bb7 10. O-O c5 11. dxc5 bxc5 12. Qe2 Nd7 13. Rfd1 Nf6 14. Rac1 Rc8 15. Bf5 Rc6 16. Ne5 Rb6 17. b3 g6 18. Bb1 Nh5 19. Bg3 Nxg3 20. hxg3 Qc7 21. Nd3 Rd8 22. Nf4 Qe5 23. Rd2 Rc6 24. Rcd1 Rc7 25. Qb5 Rcd7 26. Bd3 Qc7 27. Be2 d4 28. Bf3 Bxf3 29. gxf3 Rd6 30. Rd3 Bg5 31. Nh3 Bh6 32. e4 Qd7 33. Qxd7 R8xd7 34. f4 a5 35. Rc1 Rc6 36. Rc4 Bf8 37. Ng5 Rb6 38. Nf3 Ra7 39. a4 Rab7 40. Nd2 f6 41. Kf1 Kf7 42. Ke2 Ke6 43. Rc1 Be7 44. g4 f5 45. f3 Rb8 46. Rh1 Rh8 47. gxf5+ gxf5 48. Rh6+ Bf6 49. e5 Kf7 50. Rxf6+ Rxf6 51. exf6 Kxf6 52. Nc4  1-0

[Event "Copenhagen Chess Challenge 2018"]
[Site "Ballerup"]
[Date "2018.04.28"]
[Round "6"]
[White "Stray, Gunnar"]
[Black "Laustsen, Lars"]
[Result "0-1"]
[WhiteElo "2042"]
[BlackElo "2205"]
[EventDate "2018.04.25"]
[EventRounds "9"]
[EventCountry "Danmark"]
[WhiteFideId "1501631"]
[BlackFideId "1407554"]

1. d4 d5 2. Nf3 Nf6 3. e3 Bf5 4. c4 c6 5. Nc3 e6 6. Qb3 Qb6 7. c5 Qc7 8. Nh4 Bg4 9. h3 Bh5 10. g4 g5 11. Nf3 Bg6 12. Qd1 Ne4 13. Nxe4 Bxe4 14. Bd3 Bxd3 15. Qxd3 h5 16. Rg1 hxg4 17. hxg4 f6 18. b4 Qh7 19. Qxh7 Rxh7 20. a4 b6 21. Bd2 a5 22. cxb6 Bxb4 23. Bxb4 axb4 24. a5 b3 25. Ke2 b2 26. Ra2 Rb7 27. Rxb2 Rxa5 28. Rh1 Nd7 29. Rc1 Rb5 30. Rbc2 Nb8 31. Rh1 R5xb6 32. Rh8+ Ke7 33. Ne1 Rb2 34. Kd2 Nd7 35. Nd3 Rxc2+ 36. Kxc2 Rb8 37. Rh7+ Kd6 38. Rg7 Rh8 39. f4 gxf4 40. exf4 c5 41. dxc5+ Nxc5 42. Nxc5 Kxc5 43. Rf7 Rh6 44. Kd3 e5 45. Rc7+ Kd6 46. Ra7 Rh3+ 47. Ke2 exf4 48. Ra8 Ke5 49. Re8+ Kd4 50. Rf8 Re3+ 51. Kf2 Re6 52. Kf3 Ke5 53. Rd8 d4 54. Rd7 Re8 55. Ra7 d3 56. Ra4 Kd5 57. Ra7 Kd4 58. Rd7+ Kc3 59. Rd6 d2 60. Kxf4 Re1 61. Ke5 Kd4+  0-1

[Event "Copenhagen Chess Challenge 2018"]
[Site "Ballerup"]
[Date "2018.04.28"]
[Round "6"]
[White "Pajeken, Jakob Leon"]
[Black "Harstad, Christian"]
[Result "1-0"]
[WhiteElo "2152"]
[BlackElo "2000"]
[EventDate "2018.04.25"]
[EventRounds "9"]
[EventCountry "Danmark"]
[WhiteFideId "12942839"]
[BlackFideId "1504045"]

1. e4 c5 2. Nf3 d6 3. d4 cxd4 4. Nxd4 Nf6 5. Nc3 a6 6. Be2 e6 7. Be3 Be7 8. Qd2 Qc7 9. g4 Nc6 10. O-O-O O-O 11. f4 b5 12. g5 Nxd4 13. Bxd4 Nd7 14. a3 Bb7 15. f5 exf5 16. exf5 Ne5 17. f6 Bd8 18. Rhg1 Rb8 19. Be3 Nc4 20. Bxc4 Qxc4 21. fxg7 Re8 22. Rdf1 b4 23. axb4 Qxb4 24. g6 hxg6 25. Ba7 Bb6 26. Qh6  1-0

[Event "Copenhagen Chess Challenge 2018"]
[Site "Ballerup"]
[Date "2018.04.28"]
[Round "6"]
[White "Steenstrup, Svend"]
[Black "Vesterli, Michael E"]
[Result "0-1"]
[WhiteElo "1976"]
[BlackElo "2149"]
[EventDate "2018.04.25"]
[EventRounds "9"]
[EventCountry "Danmark"]
[WhiteFideId "1409182"]
[BlackFideId "1417339"]

1. d4 Nf6 2. c4 g6 3. Nc3 Bg7 4. e4 d6 5. h3 O-O 6. Nf3 e5 7. d5 Nbd7 8. Bg5 a5 9. Bd3 Nc5 10. Bc2 Qe8 11. Qd2 Nh5 12. g3 f5 13. Bh6 fxe4 14. Nh4 Bxh6 15. Qxh6 Nd3+ 16. Bxd3 exd3 17. Ne4 Nf6 18. Qe3 Nxe4 19. Qxe4 Qf7 20. O-O-O g5 21. Ng2 Qxf2 22. Rd2 Bf5 23. Qe3 Qxe3 24. Nxe3 Be4 25. Re1 Rf3 26. Ng4 Bg6  0-1

[Event "Copenhagen Chess Challenge 2018"]
[Site "Ballerup"]
[Date "2018.04.28"]
[Round "6"]
[White "Brondt, Nicolai Kvist"]
[Black "Thybo, Thomas Sondergaard"]
[Result "1-0"]
[WhiteElo "2179"]
[BlackElo "2004"]
[EventDate "2018.04.25"]
[EventRounds "9"]
[EventCountry "Danmark"]
[WhiteFideId "1413848"]
[BlackFideId "1441299"]

1. d4 Nf6 2. Nf3 g6 3. c4 Bg7 4. Nc3 d6 5. e4 Na6 6. h3 c5 7. d5 Nc7 8. Bd3 O-O 9. O-O a6 10. a4 Rb8 11. Re1 e5 12. dxe6 Bxe6 13. Bf4 Nh5 14. Bh2 Qe7 15. Qd2 Rfd8 16. Rad1 Nf6 17. Bf1 Nfe8 18. Qf4 Qd7 19. Ra1 Qc6 20. Bg3 h6 21. Qd2 Nf6 22. Rad1 Nce8 23. Bh4 Qb6 24. Qc2 Qb4 25. Nd2 g5 26. Bg3 Nd7 27. Rb1 Ne5 28. Nd5 Bxd5 29. exd5 Nc7 30. Nf3 Nxf3+ 31. gxf3 Bf6 32. Qf5 Kg7 33. Bd3 Rh8 34. Bxd6 Rbe8 35. Rxe8 Nxe8 36. Bg3 Qxa4 37. d6 Qc6 38. Be5 Bxe5 39. Qxe5+ Nf6 40. Be4 Qd7 41. Bf5 Qc6 42. Re1 Rd8 43. d7 Rxd7 44. Bxd7 Qxd7 45. h4 Qd2 46. hxg5 hxg5 47. Qe3 Qxe3 48. Rxe3 Nd7 49. Re7 Nb6 50. b3  1-0

[Event "Copenhagen Chess Challenge 2018"]
[Site "Ballerup"]
[Date "2018.04.28"]
[Round "6"]
[White "Stampe, Roger"]
[Black "Shamima, Akter"]
[Result "0-1"]
[WhiteElo "1992"]
[BlackElo "2176"]
[EventDate "2018.04.25"]
[EventRounds "9"]
[EventCountry "Danmark"]
[WhiteFideId "1512102"]
[BlackFideId "10202587"]

1. f4 d5 2. Nf3 c5 3. g3 Nc6 4. Bg2 Nf6 5. d3 Bf5 6. O-O h6 7. Nh4 g6 8. Nc3 d4 9. Na4 e6 10. c4 Qc7 11. a3 a6 12. Qb3 Nd7 13. Bd2 Rb8 14. Qc2 Be7 15. Nxf5 gxf5 16. b3 h5 17. h4 Rg8 18. Kh2 Nf6 19. Bf3 Ng4+ 20. Bxg4 Rxg4 21. e4 dxe3 22. Bxe3 Bf6 23. Rae1 Nd4 24. Bxd4 cxd4 25. Rf3 Kd7 26. Qf2 Rbg8 27. Kh3 b5 28. Nb2 e5 29. cxb5 axb5 30. a4 exf4 31. gxf4 Rxh4+ 32. Qxh4 Bxh4 33. Kxh4 Qc2  0-1

[Event "Copenhagen Chess Challenge 2018"]
[Site "Ballerup"]
[Date "2018.04.28"]
[Round "6"]
[White "Vangsgaard, Bjarke"]
[Black "Rishovd, Svein"]
[Result "0-1"]
[WhiteElo "1940"]
[BlackElo "2110"]
[EventDate "2018.04.25"]
[EventRounds "9"]
[EventCountry "Danmark"]
[WhiteFideId "1436570"]
[BlackFideId "1513060"]

1. d4 d5 2. Bf4 c5 3. e3 cxd4 4. exd4 Nc6 5. Nf3 Bf5 6. c3 e6 7. Nbd2 Bd6 8. Ne5 f6 9. Nxc6 bxc6 10. Bg3 h5 11. Qa4 Ne7 12. c4 Kf7 13. Nf3 g5 14. Rd1 Rb8 15. c5 Bxg3 16. hxg3 Rxb2 17. Qa3 Qb8 18. Nd2 Qb4 19. Qe3 Bc2 20. a3 Qa5 21. Bd3 Rb3 22. Bxc2 Rxe3+  0-1

[Event "Copenhagen Chess Challenge 2018"]
[Site "Ballerup"]
[Date "2018.04.28"]
[Round "6"]
[White "Petersen, Flemming Petri"]
[Black "Kvaloy, Aksel Bu"]
[Result "1-0"]
[WhiteElo "2078"]
[BlackElo "1958"]
[EventDate "2018.04.25"]
[EventRounds "9"]
[EventCountry "Danmark"]
[WhiteFideId "1402617"]
[BlackFideId "1528815"]

1. e4 c5 2. Nf3 Nc6 3. d4 cxd4 4. Nxd4 e5 5. Nb5 a6 6. Nd6+ Bxd6 7. Qxd6 Qf6 8. Qa3 Nge7 9. Be3 O-O 10. Nc3 b5 11. Nxb5 axb5 12. Qxa8 d5 13. Qa3 Qg6 14. O-O-O d4 15. Bd2 Qxe4 16. Bxb5 Qd5 17. Qb3 Qc5 18. Bc4 Bf5 19. a3 Rb8 20. Bxf7+ Kf8 21. Qc4 Qb6 22. Bb4 Nxb4 23. Qxb4 Qxb4 24. axb4 Kxf7 25. Rhe1 Nc6 26. c3 d3 27. Kd2 Rd8 28. f3 Ke6 29. Ra1 Kd6 30. Ra6 Rb8 31. g3 h5 32. h3 Kc7 33. g4 hxg4 34. hxg4 Bg6 35. f4 e4 36. f5 Ne5 37. Rxe4 Re8 38. Rxg6 Nf3+ 39. Kxd3 Ne1+ 40. Rxe1 Rxe1 41. Rxg7+ Kd6 42. f6 Rf1 43. g5 Ke6 44. f7 Rxf7 45. Rxf7 Kxf7 46. b5  1-0

[Event "Copenhagen Chess Challenge 2018"]
[Site "Ballerup"]
[Date "2018.04.28"]
[Round "6"]
[White "Adinolfi, Vincenzo"]
[Black "Vangsgaard, Claus"]
[Result "1-0"]
[WhiteElo "2053"]
[BlackElo "1938"]
[EventDate "2018.04.25"]
[EventRounds "9"]
[EventCountry "Danmark"]
[WhiteFideId "805556"]
[BlackFideId "1417320"]

1. c4 Nf6 2. Nc3 c6 3. d4 d5 4. e3 e6 5. Nf3 Be7 6. Qc2 Nbd7 7. cxd5 cxd5 8. Bd3 O-O 9. Ne5 g6 10. f4 Ne8 11. O-O f5 12. Bd2 Nd6 13. Rac1 Nxe5 14. dxe5 Ne4 15. Nb5 Bd7 16. Nd4 Rc8 17. Qd1 Qb6 18. Bxe4 fxe4 19. Bc3 Bb5 20. Re1 Bd3 21. Qb3 Qxb3 22. Nxb3 Kf7 23. Nd4 Rfd8 24. Kf2 Re8 25. g3 Bd8 26. Bb4 Bb6 27. Red1 Bxd4 28. exd4 Red8 29. Ke3 Ke8 30. a3 Kd7 31. Ba5 Rxc1 32. Rxc1 Rc8 33. Bc3 b5 34. Rd1 Rc6 35. g4 Ke7 36. Rg1 Kf7 37. h4 a5 38. Rg2 a4 39. Rf2 Kg7 40. Rg2 Bc4 41. Bb4 Bb3 42. Bc5 Bd1 43. f5 Bf3 44. Rg1 Kf7 45. f6 h5 46. gxh5 Bxh5 47. Rg3 Bd1 48. Kd2 Bf3 49. Kc3 Rc8 50. Kb4 Be2 51. h5 Rg8 52. hxg6+ Rxg6 53. Rh3 Kg8 54. b3 axb3 55. Rxb3 Bd1 56. Rc3 Ba4 57. Be7 Kf7 58. Rh3 Kg8 59. Kc5 Rg2 60. Kd6 Bd1 61. Rc3 Kf7 62. Rc8  1-0

[Event "Copenhagen Chess Challenge 2018"]
[Site "Ballerup"]
[Date "2018.04.28"]
[Round "6"]
[White "Bronnum, Jan"]
[Black "Hobber, Anders"]
[Result "0-1"]
[WhiteElo "2088"]
[BlackElo "2268"]
[EventDate "2018.04.25"]
[EventRounds "9"]
[EventCountry "Danmark"]
[WhiteFideId "1400908"]
[BlackFideId "1505424"]

1. d4 d5 2. Bf4 c5 3. c3 Nc6 4. e3 cxd4 5. exd4 Bf5 6. Bd3 Bxd3 7. Qxd3 Nf6 8. Nd2 e6 9. Ngf3 Bd6 10. Bxd6 Qxd6 11. O-O O-O 12. Rae1 Ne7 13. Ne5 Qb6 14. Rb1 Rac8 15. g4 Nc6 16. Nxc6 bxc6 17. g5 Nd7 18. b4 e5 19. Qf5 Qc7 20. Nb3 Rce8 21. Rb2 exd4 22. cxd4 Nb6 23. Nc5 Nc4 24. Rc2 Re7 25. h4 f6 26. Ne6 Qd7 27. Re2 Rfe8 28. Rfe1 Nd6 29. Qh3 Ne4 30. Nf4 Qd6 31. Qg4 fxg5 32. hxg5 Rf8 33. Nh3 Ref7 34. a3 g6 35. f4 Rxf4 36. Nxf4 Rxf4 37. Qg2 Qe6 38. Rxe4 dxe4 39. Re3 Qd5 40. Qg3 Qf5 41. Qg2 Kf7 42. Rg3 Ke6 43. Qa2+ Kd6 44. Qe2 Rf3 45. Rxf3 exf3 46. Qh2+ Kd5 47. Qa2+ Kxd4 48. Qb2+ Ke4 49. Kf2 Qe5 50. Qc2+ Kf4 51. Qc1+ Kg4 52. Qg1+ Kf5 53. Kxf3 Qe4+  0-1